000
00324nam a2200133Ia 4500
005
20251222151338.0
008
251222s9999||||xx |||||||||||||| ||spa||
082
_a
800/V75/T.I
100
_a
Viscardo, Juan Pablo y Guzmán
245
0
_a
Obra Completa I
250
_a
1ra. ed.
264
_b
Congreso del Perú
942
_c
LIB
999
_c
24351
_d
24351